00537nam a2200205Ia 450000500170000000800460001703700110006304000080007404000080008204000080009004100080009804100080010608400080011410000380012224500560016026000090021630000100022565000120023570000840024720260430150110.0008 250103s9999 xx 000 0 eng d aTheses aCRL beng ceng 2eng aeng qCRL aSaurabh Kumar Au.; Fupta D.N. Gu. 0aLaser-plasma proton acceleration with solid targets c2022 a120p. aScience aUniversity of Delhi. Faculty of Science. Department of Physics and Astrophysics